000 00666nam a2200217Ia 4500
001 17841
003 GE_BSU
008 181216s||||||||xx |||||||||||||| ||und||
040 _cGE_BSU
080 _a621(035.3)+744(035.3)
100 _aФедоренко,В.А. Шошин,А.И.
245 _aСправочник по машиностроительному черчению.
245 _cРед. В.И.Кулачков.
260 _aМ.
260 _bМашгиз.
260 _c1963.
300 _a281 стр. 22 см.
300 _eТабл.
653 _aСправочник по машиностроительному черчению.
942 _cBK
999 _c50886
_d50886